[Event "ROM-chT U18"]
[Site "Mamaia"]
[Date "2012.09.06"]
[Round "6"]
[White "Zaharia, Alexandru"]
[Black "Rus, Calin Ioan"]
[Result "1-0"]
[WhiteElo "2137"]
[BlackElo "1497"]
[PlyCount "39"]
[EventDate "2012.09.03"]
[EventType "team-swiss"]
[EventRounds "7"]
[EventCountry "ROU"]
[SourceTitle "CBM 150 Extra"]
[Source "ChessBase"]
[SourceDate "2012.10.19"]
[SourceVersion "1"]
[SourceVersionDate "2012.10.19"]
[SourceQuality "1"]

1. e4 e6 2. d4 d5 3. Nc3 dxe4 4. Nxe4 Nd7 5. Nf3 Ngf6 6. Bg5 Be7 7. Nxf6+ Nxf6 8. Bd3 b6 9. Ne5 Bb7 10. Bb5+ Kf8 11. Qd2 Bxg2 12. Rg1 Bb7 13. Bh6 Nh5 14. Bxg7+ Nxg7 15. Qh6 Bh4 16. Qxg7+ Ke7 17. Qxf7+ Kd6 18. Nc4+ Kd5 19. Qh5+ Kxd4 20. Qe5# 1-0

[Event "ROM-chT U18"]
[Site "Mamaia"]
[Date "2012.09.05"]
[Round "4"]
[White "Dumitrescu, George Mihai"]
[Black "Rus, Calin Ioan"]
[Result "1-0"]
[WhiteElo "1621"]
[BlackElo "1497"]
[PlyCount "49"]
[EventDate "2012.09.03"]
[EventType "team-swiss"]
[EventRounds "7"]
[EventCountry "ROU"]
[SourceTitle "CBM 150 Extra"]
[Source "ChessBase"]
[SourceDate "2012.10.19"]
[SourceVersion "1"]
[SourceVersionDate "2012.10.19"]
[SourceQuality "1"]

1. d4 e6 2. Nf3 d5 3. e3 c5 4. c3 Nf6 5. Bd3 Nc6 6. Nbd2 Bd6 7. 0-0 0-0 8. Qe2 Bd7 9. e4 dxe4 10. Nxe4 Nxe4 11. Bxe4 cxd4 12. cxd4 Re8 13. Be3 Rb8 14. d5 exd5 15. Bxd5 a6 16. Qc4 Be6 17. Bxe6 Rxe6 18. Ng5 Re7 19. Ne4 Be5 20. Bg5 Qc7 21. Bxe7 Qxe7 22. Nc3 Qg5 23. f4 Bd4+ 24. Qxd4 Qh5 25. Qf2 1-0